000
00198nam a22000857a 4500
100
_a
Suja S Nair
245
_a
Cherukida rubber vyavasayangal
260
_b
Rubber, 683(April): 22-23.
_c
2023
942
_c
JS
999
_c
75005
_d
75005